La Liga (Spanien) Top 4 - Statistiken

Allgemein
  • Dieses Quiz wurde 1.338 mal gespielt
  • Das Durchschnittsergebnis liegt bei 12 aus 24
Antwortstatistiken
Antwort % Korrekt
Real Madrid
100%
FC Barcelona
98%
Atletico Madrid
97%
FC Sevilla
91%
FC Valencia
87%
Athletic Club Bilbao
77%
Real Betis Sevilla
74%
Real Sociedad
72%
Espanyol Barcelona
63%
RCD Mallorca
60%
FC Malaga
57%
Deportivo La Coruña
55%
FC Villarreal
51%
Celta de Vigo
41%
CA Osasuna
30%
UD Las Palmas
28%
Real Saragossa
27%
Real Valladolid
27%
Sporting Gijon
17%
Racing Santander
14%
Real Oviedo
12%
CE Sabadell
2%
CD Castellon
1%
Arenas de Gexto
0%
Keine übereinstimmenden Quizze gefunden
Verteilung der Resultate
Anzahl Personen mit jedem Resultat
Perzentil nach korrekt beantworteten Fragen
Ihre Resultats-Entwicklung
Sie haben dieses Quiz noch nicht gespielt